[Event "OHS 2019"]
[Site "?"]
[Date "2019.02.11"]
[Round "3.18"]
[White "Böcher, Joachim"]
[Black "Engelmann, Chris"]
[Result "0-1"]
[WhiteElo "1506"]
[BlackElo "1788"]
[PlyCount "68"]
[EventDate "2019.??.??"]
[WhiteTeam "SG Höntrop 1947"]
[BlackTeam "SV Unser Fritz Wanne-E"]

1. c4 e5 2. Nc3 Nf6 3. d3 Be7 4. g3 O-O 5. Bg2 d6 6. Nf3 Be6 7. O-O Qd7 8. Ng5
c6 9. Nxe6 fxe6 10. Bg5 Kh8 11. Qc2 d5 12. cxd5 exd5 13. a3 Qf5 14. Bxf6 Qxf6
15. b4 Nd7 16. e4 d4 17. Ne2 a5 18. f4 axb4 19. fxe5 Qxe5 20. axb4 Rxf1+ 21.
Rxf1 Bxb4 22. Qb3 Qd6 23. Bh3 Ne5 24. Kg2 Ra3 25. Qe6 Qxe6 26. Bxe6 Rxd3 27.
Ra1 g6 28. Ra8+ Kg7 29. Ra7 Bc5 30. Rxb7+ Kf6 31. Bc8 Rd2 32. Kf1 d3 33. Nf4
Rf2+ 34. Ke1 Nf3+ 0-1

[Event "OHS 2019"]
[Site "?"]
[Date "2019.02.11"]
[Round "3.19"]
[White "Bock, Oswin"]
[Black "Ritter, Wolfgang"]
[Result "0-1"]
[WhiteElo "1368"]
[BlackElo "1558"]
[PlyCount "80"]
[EventDate "2019.??.??"]
[WhiteTeam "SG Höntrop 1947"]
[BlackTeam "SG Drewer 54 e.V"]

1. Nf3 d5 2. d4 Nc6 3. c3 e6 4. g3 Nf6 5. Bg5 Be7 6. Bg2 h6 7. Bxf6 Bxf6 8. O-O
O-O 9. Nbd2 e5 10. e4 dxe4 11. Nxe4 exd4 12. Qd3 Bf5 13. Rfe1 dxc3 14. Qxd8
Raxd8 15. Nxf6+ gxf6 16. bxc3 Be6 17. Nh4 Na5 18. Bf1 Rd2 19. Re2 Rfd8 20. Rxd2
Rxd2 21. Nf3 Rc2 22. Nd4 Rxc3 23. Nxe6 fxe6 24. Rd1 c5 25. Rd6 Kf7 26. Bh3 f5
27. Rd7+ Kf6 28. Rh7 c4 29. Rxh6+ Ke5 30. f4+ Kd5 31. Rh8 Rc1+ 32. Bf1 c3 33.
Rd8+ Kc5 34. Kf2 c2 35. Bd3 Rd1 36. Rc8+ Nc6 37. Bxc2 Rd2+ 38. Kf3 Rxc2 39. h4
Rxa2 40. Re8 Kd6 0-1

[Event "OHS 2019"]
[Site "?"]
[Date "2019.02.11"]
[Round "3.20"]
[White "Buchhop, Rainer"]
[Black "Tolksdorf, Jürgen"]
[Result "1-0"]
[WhiteElo "1491"]
[BlackElo "1582"]
[PlyCount "72"]
[EventDate "2019.??.??"]
[WhiteTeam "SV Unser Fritz Wanne-E"]
[BlackTeam "SG Höntrop 1947"]

1. Nf3 Nc6 2. c4 e5 3. Nc3 Nf6 4. d3 a6 5. g3 d6 6. Bg2 Bd7 7. O-O Be7 8. Rb1
h6 9. b4 Rb8 10. Nd2 O-O 11. Nde4 Nxe4 12. Nxe4 f5 13. Nc3 Nd4 14. e3 Ne6 15.
b5 axb5 16. cxb5 c6 17. a4 Kh8 18. f4 exf4 19. gxf4 d5 20. Ne2 Bf6 21. Ba3 Re8
22. Kh1 Ra8 23. Ng3 g6 24. e4 Ng7 25. e5 Be7 26. Bxe7 Qxe7 27. d4 Ne6 28. b6
Ra5 29. Ne2 Rea8 30. Nc3 g5 31. fxg5 Qxg5 32. Rb2 Be8 33. Rbf2 Bh5 34. Bf3
Bxf3+ 35. Rxf3 f4 36. Rh3 Rf8 1-0

[Event "OHS 2019"]
[Site "?"]
[Date "2019.02.18"]
[Round "4.1"]
[White "Quast, Marcel"]
[Black "Kiese, Matthias"]
[Result "1-0"]
[WhiteElo "2222"]
[BlackElo "2220"]
[PlyCount "127"]
[EventDate "2019.??.??"]
[WhiteTeam "SC Gerthe 46 - Werne"]
[BlackTeam "Bochumer SV 02"]

1. e4 c5 2. d4 cxd4 3. c3 d5 4. exd5 Qxd5 5. cxd4 Nc6 6. Nf3 Bg4 7. Nc3 Bxf3 8.
gxf3 Qxd4 9. Qxd4 Nxd4 10. Nb5 Nc2+ 11. Kd1 Nxa1 12. Nc7+ Kd7 13. Nxa8 g6 14.
Be3 Bh6 15. Bb5+ Kd6 16. Bxa7 Nf6 17. Nb6 Rd8 18. Ke2 Nc2 19. Nc4+ Ke6 20. Rd1
Rxd1 21. Kxd1 Nb4 22. Na5 Bf4 23. Nxb7 Kd5 24. Na5 Bc7 25. Bc4+ Ke5 26. Nb3
Nxa2 27. Bd4+ Kf4 28. Be3+ Ke5 29. f4+ Kd6 30. Bc5+ Kc6 31. Ba3 Bxf4 32. Nd4+
Kd7 33. Bxa2 e6 34. h3 Ne4 35. Ke2 Bc1 36. Bc4 Nd6 37. Bd3 f5 38. Nb3 Bf4 39.
Nc5+ Ke7 40. Nb7 Kd7 41. Nxd6 Bxd6 42. Bb5+ Kc7 43. Kd3 Bf4 44. Bc5 g5 45. Be8
Kd8 46. Bf7 Kd7 47. f3 Be5 48. b4 Bg3 49. Kc4 Bf4 50. b5 Bg3 51. b6 Bf4 52. Kb5
Bb8 53. b7 e5 54. Ka6 Kc6 55. Ba7 Bd6 56. b8=Q Bxb8 57. Bxb8 e4 58. fxe4 fxe4
59. Ba7 h6 60. Bd4 Kd6 61. Kb5 Ke7 62. Bd5 h5 63. Kc5 g4 64. h4 1-0

[Event "OHS 2019"]
[Site "?"]
[Date "2019.02.18"]
[Round "4.2"]
[White "Ribbeheger, Edgar"]
[Black "Peters, Georg"]
[Result "1-0"]
[WhiteElo "2054"]
[BlackElo "1854"]
[PlyCount "65"]
[EventDate "2019.??.??"]
[WhiteTeam "SK Sodingen/Castrop 24/23 e.V."]
[BlackTeam "SK Xanten e.V."]

1. c4 e6 2. Nc3 d5 3. d4 Nf6 4. Nf3 Bb4 5. Qa4+ Nc6 6. Ne5 Bd7 7. Nxc6 Bxc3+ 8.
bxc3 Bxc6 9. Qa3 dxc4 10. f3 a5 11. e4 b5 12. Bg5 h6 13. Bh4 Qd6 14. Qb2 Qf4
15. Qf2 O-O 16. Bg3 Qg5 17. Bxc7 Rfc8 18. h4 Qg6 19. Be5 h5 20. Rh3 Ne8 21. Bf4
b4 22. Rg3 Qh7 23. Qc2 e5 24. Bxe5 b3 25. Qd2 Bxe4 26. fxe4 Qxe4+ 27. Kf2 Qxh4
28. Qf4 Qe7 29. axb3 cxb3 30. Bxg7 Nxg7 31. Qh6 f6 32. Bd3 f5 33. Bxf5 1-0

[Event "OHS 2019"]
[Site "?"]
[Date "2019.02.18"]
[Round "4.3"]
[White "Schicktanz, Florian"]
[Black "Hammerich, Simon"]
[Result "0-1"]
[WhiteElo "1767"]
[BlackElo "1994"]
[PlyCount "90"]
[EventDate "2019.??.??"]
[WhiteTeam "SV Erkenschwick 1923 e"]
[BlackTeam "SF Gelsenkirchen 2002"]

1. e4 e5 2. Nf3 Nc6 3. Bc4 Nf6 4. Nc3 Nxe4 5. Bxf7+ Kxf7 6. Nxe4 d5 7. Neg5+
Kg8 8. d4 e4 9. Ne5 Nxe5 10. dxe5 h6 11. Nxe4 Be6 12. Ng3 Qd7 13. O-O Bc5 14.
Kh1 Rf8 15. f4 Bg4 16. Qd3 h5 17. Ne2 h4 18. h3 Bf5 19. Qc3 Bb6 20. Be3 Be4 21.
Bxb6 axb6 22. Kh2 c5 23. Qd2 d4 24. c4 Qe6 25. b3 Qg6 26. Rf2 Rh5 27. Rg1 d3
28. g4 Rxe5 29. Nc3 Ree8 30. Re1 Bc6 31. Nd5 Bxd5 32. Rxe8 Rxe8 33. cxd5 Qe4
34. d6 Rd8 35. Rf1 Rxd6 36. Re1 Qf3 37. Rg1 Rd4 38. Rg2 Qxf4+ 39. Kg1 Qf3 40.
Kh2 Re4 41. Qg5 Qf4+ 42. Qxf4 Rxf4 43. Rd2 Rf3 44. Kg2 Rg3+ 45. Kh2 b5 0-1

[Event "OHS 2019"]
[Site "?"]
[Date "2019.02.18"]
[Round "4.4"]
[White "Wiechen, Ulrich"]
[Black "Gritzan, Ulrich"]
[Result "0-1"]
[WhiteElo "2156"]
[BlackElo "1793"]
[PlyCount "94"]
[EventDate "2019.??.??"]
[WhiteTeam "SC Buer-Hassel 1919 e.V."]
[BlackTeam "SF Gelsenkirchen 2002"]

1. e4 c6 2. d4 d5 3. Nc3 dxe4 4. Nxe4 Bf5 5. Ng3 Bg6 6. N1e2 e5 7. f4 exd4 8.
Nxd4 Nh6 9. c3 Bd6 10. Qf3 Qh4 11. Be2 O-O 12. O-O f5 13. Bc4+ Kh8 14. h3 Nd7
15. Be3 Rae8 16. Rae1 Nc5 17. Qf2 Qf6 18. b4 Na4 19. Qd2 Bc7 20. Bb3 Nb6 21.
Nf3 Bf7 22. Bd4 Qd8 23. Rxe8 Qxe8 24. Re1 Qd8 25. Ng5 Nd5 26. Nxf7+ Nxf7 27.
Nxf5 Bb6 28. Kh2 Rg8 29. Bxd5 cxd5 30. Re7 Qf8 31. Bxb6 axb6 32. Rxb7 Nd8 33.
Rd7 Qxf5 34. Rxd5 Qf8 35. Rd6 b5 36. Rd5 Ne6 37. f5 Qb8+ 38. g3 Nc7 39. Rd7 Qb6
40. h4 Ne8 41. Qf4 Qc6 42. Qd4 Nf6 43. Rd8 h5 44. Rd6 Ng4+ 45. Kg1 Qf3 46. Qf4
Qxc3 47. Rh6+ gxh6 0-1

[Event "OHS 2019"]
[Site "?"]
[Date "2019.02.18"]
[Round "4.5"]
[White "Arndt, Olaf"]
[Black "Kowalczyk, Frank"]
[Result "1/2-1/2"]
[WhiteElo "1967"]
[BlackElo "1748"]
[PlyCount "78"]
[EventDate "2019.??.??"]
[WhiteTeam "SV Horst-Emscher 31"]
[BlackTeam "SK Sodingen/Castrop 24/23 e.V."]

1. e4 e5 2. Nf3 Nc6 3. d4 exd4 4. Bc4 Be7 5. c3 d3 6. Qb3 Na5 7. Bxf7+ Kf8 8.
Qa4 c6 9. Bxg8 Rxg8 10. e5 b5 11. Qe4 Rh8 12. Qxd3 d6 13. Bf4 dxe5 14. Qxd8+
Bxd8 15. Nxe5 Bf6 16. Nd2 Be6 17. O-O Bxe5 18. Bxe5 Nc4 19. Nxc4 Bxc4 20. Rfe1
Kf7 21. a4 a6 22. f4 Rhd8 23. Bd4 g6 24. g4 Re8 25. a5 Rad8 26. Kf2 b4 27. Rxe8
Rxe8 28. cxb4 Re2+ 29. Kg3 Bd5 30. h3 h6 31. h4 Rg2+ 32. Kh3 Re2 33. Rd1 Bg2+
34. Kg3 Bd5 35. Be5 Ke6 36. Bc3 Re3+ 37. Kh2 Re2+ 38. Kh3 Re3+ 39. Kh2 Re2+
1/2-1/2

[Event "OHS 2019"]
[Site "?"]
[Date "2019.02.18"]
[Round "4.6"]
[White "Sehrbrock, Christoph"]
[Black "Czarnik, Jozef"]
[Result "1/2-1/2"]
[WhiteElo "1970"]
[BlackElo "1893"]
[PlyCount "30"]
[EventDate "2019.??.??"]
[WhiteTeam "SV Waltrop 1922 e.V."]
[BlackTeam "SV Königsspringer Halt"]

1. e4 c5 2. Nf3 e6 3. d4 cxd4 4. Nxd4 a6 5. Bd3 Bc5 6. Nb3 Be7 7. O-O Nc6 8.
Nc3 Nf6 9. Be3 O-O 10. f4 d6 11. Qf3 Qc7 12. a3 b5 13. e5 Ne8 14. exd6 Nxd6 15.
Ne4 Nf5 1/2-1/2

[Event "OHS 2019"]
[Site "?"]
[Date "2019.02.18"]
[Round "4.7"]
[White "Kleinert, Andreas"]
[Black "Löffelbein, Klaus"]
[Result "0-1"]
[WhiteElo "1845"]
[BlackElo "2002"]
[PlyCount "86"]
[EventDate "2019.??.??"]
[WhiteTeam "SF Gelsenkirchen 2002"]
[BlackTeam "SC Gerthe 46 - Werne"]

1. c4 c5 2. g3 Nf6 3. Bg2 d5 4. cxd5 Nxd5 5. Nc3 Nc7 6. Nf3 Nc6 7. O-O e5 8. b3
Be7 9. Ba3 f6 10. Ne1 Bd7 11. Nd3 b6 12. f4 exf4 13. Nxf4 Rc8 14. e3 O-O 15.
Rc1 Ne5 16. d4 Bg4 17. Qe1 Ng6 18. Nxg6 hxg6 19. dxc5 bxc5 20. h3 Be6 21. Ne4
c4 22. Bxe7 Qxe7 23. bxc4 Na6 24. Nd2 Nc5 25. Qe2 Rfd8 26. Rc3 Qd7 27. Nb3 Bxh3
28. Bd5+ Kf8 29. Nxc5 Rxc5 30. Rf4 Qc7 31. e4 Qe5 32. Qf2 Qxc3 33. Qxc5+ Ke8
34. Bc6+ Bd7 35. Bxd7+ Rxd7 36. Qc8+ Ke7 37. Qc5+ Kf7 38. Qf2 Rd1+ 39. Kg2 Rd2
40. Qxd2 Qxd2+ 41. Rf2 Qd4 42. Re2 Qxc4 43. Kf3 a5 0-1

[Event "OHS 2019"]
[Site "?"]
[Date "2019.02.18"]
[Round "4.8"]
[White "Bialas, Jan-Philip"]
[Black "Boost, Jürgen"]
[Result "1/2-1/2"]
[WhiteElo "1518"]
[BlackElo "1942"]
[PlyCount "32"]
[EventDate "2019.??.??"]
[WhiteTeam "SV Datteln 1924"]
[BlackTeam "SC Gerthe 46 - Werne"]

1. d4 d5 2. Nf3 Nf6 3. Bf4 g6 4. e3 Bg7 5. Nbd2 O-O 6. Bd3 c5 7. c3 Nh5 8. Be5
f6 9. Bg3 Nc6 10. Qe2 cxd4 11. Nxd4 Nxd4 12. cxd4 e5 13. O-O Nxg3 14. hxg3 Qe7
15. Nb3 a5 16. dxe5 fxe5 1/2-1/2

[Event "OHS 2019"]
[Site "?"]
[Date "2019.02.18"]
[Round "4.9"]
[White "Engelmann, Chris"]
[Black "Dreckmann, Günter"]
[Result "1-0"]
[WhiteElo "1788"]
[BlackElo "1605"]
[PlyCount "35"]
[EventDate "2019.??.??"]
[WhiteTeam "SV Unser Fritz Wanne-E"]
[BlackTeam "SV Königsspringer Halt"]

1. e4 c5 2. Nf3 e6 3. d4 cxd4 4. Nxd4 a6 5. Nc3 Qc7 6. Bd3 d6 7. O-O Nf6 8. Bg5
Be7 9. Kh1 Nbd7 10. f4 b5 11. Qf3 Bb7 12. Rae1 O-O 13. Qh3 h6 14. Bxh6 gxh6 15.
Re3 Nh7 16. Qxh6 Bg5 17. fxg5 Qc5 18. Rh3 1-0

[Event "OHS 2019"]
[Site "?"]
[Date "2019.02.18"]
[Round "4.10"]
[White "Schmidt, Ralph"]
[Black "Ewers, Christian"]
[Result "1-0"]
[WhiteElo "1971"]
[BlackElo "1732"]
[PlyCount "63"]
[EventDate "2019.??.??"]
[WhiteTeam "SV Bochum-Linden-Dahlh"]
[BlackTeam "SG Mengede 1922"]

1. e4 c5 2. Nc3 Nc6 3. d3 g6 4. Be3 d6 5. d4 Qa5 6. Bb5 Bg7 7. Nge2 cxd4 8.
Bxd4 Kf8 9. Bxg7+ Kxg7 10. O-O Bd7 11. Nd4 Nf6 12. Nb3 Qb6 13. Be2 h5 14. Nd5
Nxd5 15. exd5 Ne5 16. Kh1 Ng4 17. Qe1 a5 18. h3 a4 19. Qc3+ Kg8 20. Qd4 Qc7 21.
Nd2 Nh6 22. Bd3 Qc5 23. Qxc5 dxc5 24. Rfe1 Kf8 25. Re2 b5 26. c4 Bf5 27. Be4
Rd8 28. cxb5 Bxe4 29. Nxe4 Rxd5 30. Rc1 c4 31. Rxc4 Kg7 32. Nc3 1-0

[Event "OHS 2019"]
[Site "?"]
[Date "2019.02.18"]
[Round "4.11"]
[White "Melmer, Felix"]
[Black "Steinke, Hans-Jörg"]
[Result "1/2-1/2"]
[WhiteElo "2031"]
[BlackElo "1784"]
[PlyCount "64"]
[EventDate "2019.??.??"]
[WhiteTeam "SC Gerthe 46 - Werne"]
[BlackTeam "SV Datteln 1924"]

1. c4 e6 2. g3 Nf6 3. Bg2 Be7 4. Nf3 O-O 5. O-O d5 6. cxd5 exd5 7. d4 Nbd7 8.
Nc3 c6 9. Bf4 Re8 10. Re1 Nf8 11. Ne5 Ng6 12. Nxg6 hxg6 13. Rc1 Bf5 14. Na4 Bb4
15. Bd2 Bxd2 16. Qxd2 Qe7 17. Nc5 Rab8 18. e3 Nd7 19. b4 Nb6 20. Bf1 a6 21. a4
Nd7 22. b5 axb5 23. axb5 Nxc5 24. Rxc5 Bd7 25. Rec1 Rec8 26. bxc6 bxc6 27. Ba6
Rd8 28. Ra5 Rb6 29. Bf1 Rdb8 30. Ra7 R6b7 31. Qa5 Be8 32. Rxb7 Qxb7 1/2-1/2

[Event "OHS 2019"]
[Site "?"]
[Date "2019.02.18"]
[Round "4.12"]
[White "Ritter, Wolfgang"]
[Black "Sikorski, Thomas"]
[Result "1/2-1/2"]
[WhiteElo "1558"]
[BlackElo "1806"]
[PlyCount "32"]
[EventDate "2019.??.??"]
[WhiteTeam "SG Drewer 54 e.V"]
[BlackTeam "SF Essen-Katernberg 0"]

1. e4 e5 2. c4 d6 3. Nc3 c6 4. Nf3 Nf6 5. Be2 Be7 6. h3 O-O 7. O-O Re8 8. Qc2
Nbd7 9. d4 Qc7 10. Bg5 Nf8 11. Rad1 Ng6 12. Rfe1 h6 13. Be3 Bd7 14. d5 c5 15.
b3 Qc8 16. Kh2 Qd8 1/2-1/2

[Event "OHS 2019"]
[Site "?"]
[Date "2019.02.18"]
[Round "4.13"]
[White "Funke, Eckhard"]
[Black "Eibl, Rüdiger"]
[Result "1-0"]
[WhiteElo "1867"]
[BlackElo "1662"]
[PlyCount "99"]
[EventDate "2019.??.??"]
[WhiteTeam "SV Günnigfeld 1922 e.V"]
[BlackTeam "SC Buer-Hassel 1919 e.V."]

1. d4 d6 2. c4 Nf6 3. Nc3 Nbd7 4. Nf3 e5 5. e4 Be7 6. Be2 h6 7. h3 c6 8. Be3
Qc7 9. a3 Nf8 10. d5 c5 11. b4 b6 12. bxc5 bxc5 13. Qc2 a6 14. O-O g5 15. Nh2
Ng6 16. Qd1 Rg8 17. Ng4 Nxg4 18. Bxg4 Nf4 19. Bxc8 Qxc8 20. Qg4 Qxg4 21. hxg4
h5 22. gxh5 Nxh5 23. Rab1 Nf6 24. Rb7 Nd7 25. Rfb1 f6 26. Na4 Bd8 27. Bd2 Rf8
28. g4 Rh8 29. Kg2 Rh6 30. f3 Rh8 31. R1b3 Rh6 32. Nb2 Rh8 33. a4 Rh7 34. a5
Nf8 35. Na4 Rxb7 36. Rxb7 Nd7 37. Kf2 Rb8 38. Ra7 Rb3 39. Rxa6 Ra3 40. Nb2 Ra2
41. Bc3 Ra3 42. Nd1 Nb6 43. Rxb6 Bxb6 44. axb6 Kd7 45. Ke2 Kc8 46. Bd2 Kb7 47.
Nc3 Ra6 48. Nb5 Rxb6 49. Ba5 Ra6 50. Bd8 1-0

[Event "OHS 2019"]
[Site "?"]
[Date "2019.02.18"]
[Round "4.14"]
[White "Müller-Kreth, Kai"]
[Black "Heinz, Hans-Werner"]
[Result "1/2-1/2"]
[WhiteElo "1775"]
[BlackElo "1349"]
[PlyCount "24"]
[EventDate "2019.??.??"]
[WhiteTeam "SK Sodingen/Castrop 24/23 e.V."]
[BlackTeam "SC Recklinghausen Altsta"]

1. e4 c5 2. f4 e6 3. Nf3 Nc6 4. d4 Nf6 5. e5 Nd5 6. c4 Nde7 7. d5 Nb4 8. a3 Na6
9. Nc3 Nf5 10. Bd3 d6 11. O-O Be7 12. Re1 O-O 1/2-1/2

[Event "OHS 2019"]
[Site "?"]
[Date "2019.02.18"]
[Round "4.15"]
[White "Rath, Michael"]
[Black "Schmidt, Rolf-Günther"]
[Result "1-0"]
[WhiteElo "1797"]
[BlackElo "1208"]
[PlyCount "81"]
[EventDate "2019.??.??"]
[WhiteTeam "SV Königsspringer Halt"]
[BlackTeam "Recklinghäuser Schachgemeinschaf"]

1. d4 Nf6 2. Nf3 g6 3. Bf4 d6 4. e3 Bg7 5. c4 O-O 6. Nc3 c6 7. Qc2 Bf5 8. Qb3
Qb6 9. h3 Qxb3 10. axb3 Na6 11. Be2 Nb4 12. O-O a5 13. Nd2 Rfe8 14. e4 Bd7 15.
e5 Nh5 16. Bh2 Nc2 17. Ra2 Nxd4 18. Bxh5 gxh5 19. exd6 exd6 20. Bxd6 Ne2+ 21.
Nxe2 Rxe2 22. Bf4 b6 23. Be3 c5 24. Rd1 Bd4 25. Kf1 Rxe3 26. fxe3 Bxe3 27. Ne4
Bc6 28. Nf6+ Kf8 29. Rd6 Bb7 30. Rxb6 Bc8 31. Nd5 Bd4 32. Nc7 Ra7 33. Nb5 Rd7
34. Rb8 Rd8 35. Na7 Ke8 36. Rxc8 Rxc8 37. Nxc8 Kd7 38. Nb6+ Kc6 39. Nd5 f5 40.
Ne7+ Kb6 41. Nxf5 1-0

[Event "OHS 2019"]
[Site "?"]
[Date "2019.02.18"]
[Round "4.17"]
[White "Bacaksiz, Bilal"]
[Black "Gausmann, Thomas"]
[Result "1/2-1/2"]
[WhiteElo "1638"]
[BlackElo "1563"]
[PlyCount "50"]
[EventDate "2019.??.??"]
[WhiteTeam "SF Springer Bochum 19"]
[BlackTeam "SG Bochum 1931"]

1. d4 d5 2. Bf4 Nf6 3. e3 c5 4. c3 Nc6 5. Nd2 Bf5 6. Ngf3 e6 7. Be2 h6 8. Ne5
Nxe5 9. Bxe5 a6 10. O-O Bd6 11. f4 O-O 12. Kh1 Ne4 13. Nxe4 Bxe4 14. Bd3 Bh7
15. Bxd6 Qxd6 16. Bxh7+ Kxh7 17. f5 e5 18. Qg4 exd4 19. cxd4 cxd4 20. Qxd4 Rfe8
21. Rad1 Rad8 22. Rf4 Qe5 23. Rd3 Qxd4 24. Rdxd4 Re5 25. g4 Rde8 1/2-1/2

[Event "OHS 2019"]
[Site "?"]
[Date "2019.02.18"]
[Round "4.18"]
[White "Ponto, Michael"]
[Black "Illner, Jan"]
[Result "1-0"]
[WhiteElo "1742"]
[BlackElo "1608"]
[PlyCount "71"]
[EventDate "2019.??.??"]
[WhiteTeam "SV Horst-Emscher 31"]
[BlackTeam "SG Bochum 1931"]

1. e4 c6 2. d4 d5 3. e5 Bf5 4. Nf3 e6 5. Bd3 Ne7 6. O-O Bxd3 7. Qxd3 Nf5 8. c4
Be7 9. Nc3 dxc4 10. Qxc4 O-O 11. Bf4 Nd7 12. Rad1 Nb6 13. Qb3 Qc7 14. Ne4 Rfd8
15. g4 Nh4 16. Bg3 Nxf3+ 17. Qxf3 Nd5 18. h4 Rd7 19. Qe2 Qd8 20. g5 Qb6 21. f4
g6 22. Kg2 Rad8 23. Rf3 a5 24. Rb3 Qa7 25. h5 c5 26. hxg6 hxg6 27. Nf6+ Bxf6
28. gxf6 Nxf6 29. exf6 Rxd4 30. Rxd4 Rxd4 31. f5 gxf5 32. Rd3 Kf8 33. Rxd4 cxd4
34. Bd6+ Ke8 35. Qb5+ Kd8 36. Bc5 1-0

[Event "OHS 2019"]
[Site "?"]
[Date "2019.02.18"]
[Round "4.19"]
[White "Demond, Ricardo"]
[Black "Böcher, Joachim"]
[Result "1-0"]
[WhiteElo "1686"]
[BlackElo "1506"]
[PlyCount "105"]
[EventDate "2019.??.??"]
[WhiteTeam "SC Buer-Hassel 1919 e.V."]
[BlackTeam "SG Höntrop 1947"]

1. e4 c5 2. Nf3 d6 3. d4 cxd4 4. Nxd4 Bd7 5. Be2 Nf6 6. Nc3 g6 7. O-O Bg7 8.
Be3 O-O 9. Qd2 Nc6 10. Rad1 Nxd4 11. Bxd4 Bc6 12. Bf3 Qc7 13. Nd5 Bxd5 14. exd5
b6 15. b3 Rac8 16. c4 Ne8 17. Rfe1 Qd8 18. Qe3 Rc7 19. a4 Bxd4 20. Rxd4 Ng7 21.
Qd2 Re8 22. h4 e5 23. dxe6 Rxe6 24. Rxe6 Nxe6 25. Rxd6 Qxh4 26. g3 Qg5 27. Qxg5
Nxg5 28. Bd5 h5 29. f4 Nh7 30. Rxg6+ Kf8 31. Rh6 Kg7 32. Rxh5 Nf6 33. Rg5+ Kf8
34. Kf2 Re7 35. Rf5 Kg7 36. Kf3 Nd7 37. b4 a5 38. bxa5 bxa5 39. Bc6 Nb6 40. c5
Nc4 41. Bd5 Nb2 42. Bc6 Nd3 43. Be4 Nb2 44. c6 Nxa4 45. Rxa5 Nb6 46. Rb5 Nc4
47. Rd5 Nb6 48. Rc5 Rc7 49. Rb5 Nc4 50. Rb7 Rc8 51. Bd5 Na5 52. Rxf7+ Kh6 53.
c7 1-0

[Event "OHS 2019"]
[Site "?"]
[Date "2019.02.18"]
[Round "4.20"]
[White "Deutschmann, Jürgen"]
[Black "Bock, Oswin"]
[Result "0-1"]
[WhiteElo "1687"]
[BlackElo "1368"]
[PlyCount "92"]
[EventDate "2019.??.??"]
[WhiteTeam "SV Hattingen e.V."]
[BlackTeam "SG Höntrop 1947"]

1. d4 Nf6 2. c4 e6 3. a3 b6 4. Nc3 Be7 5. e4 d6 6. Bd3 Bb7 7. Qc2 Nbd7 8. Nf3
c5 9. d5 e5 10. Bd2 h6 11. O-O Bc8 12. a4 a5 13. Nb5 O-O 14. Ne1 Ne8 15. f4
exf4 16. Bxf4 Bg5 17. Bg3 Bh4 18. Bxd6 Nxd6 19. Nxd6 Ba6 20. Nf3 Bf6 21. Rae1
Ne5 22. Nxe5 Qxd6 23. Nf3 Rae8 24. Kh1 Bc8 25. Qb3 Be5 26. Nxe5 Rxe5 27. Qd1
Qg6 28. Re3 Qd6 29. Qd2 Rh5 30. Rg3 Qxg3 31. Kg1 Qxh2+ 32. Kf2 Rg5 33. Rg1 Rg6
34. Be2 Qg3+ 35. Kf1 Rf6+ 36. Bf3 Bg4 37. Qf2 Qf4 38. Ke2 Qe5 39. Kd3 Qh2 40.
Rf1 Qe5 41. b3 Re8 42. Qe2 Bxf3 43. Rxf3 Qd4+ 44. Kc2 Rxe4 45. Qd3 Rxf3 46.
gxf3 Qf2+ 0-1

[Event "OHS 2019"]
[Site "?"]
[Date "2019.02.18"]
[Round "4.21"]
[White "Kümmel, Hans-Jürgen"]
[Black "Tolksdorf, Jürgen"]
[Result "0-1"]
[WhiteElo "1579"]
[BlackElo "1582"]
[PlyCount "57"]
[EventDate "2019.??.??"]
[WhiteTeam "SV Günnigfeld 1922 e.V"]
[BlackTeam "SG Höntrop 1947"]

1. Nf3 Nc6 2. c4 e5 3. Nc3 Nf6 4. g3 d5 5. cxd5 Nxd5 6. Bg2 Be7 7. O-O Be6 8.
d3 Qd7 9. Ng5 Bxg5 10. Bxg5 f6 11. Bxd5 Bxd5 12. Nxd5 Qxd5 13. Be3 h5 14. Qb3
Qxb3 15. axb3 Kd7 16. Rfc1 h4 17. Kg2 hxg3 18. hxg3 g5 19. Rh1 g4 20. Rxh8 Rxh8
21. Ra4 f5 22. f3 gxf3+ 23. Kxf3 a5 24. Rh4 Rf8 25. Bc5 Rf7 26. Bg1 b6 27. Be3
Kd6 28. Rc4 e4+ 29. dxe4 0-1

[Event "OHS 2019"]
[Site "?"]
[Date "2019.02.25"]
[Round "5.1"]
[White "Ribbeheger, Edgar"]
[Black "Quast, Marcel"]
[Result "0-1"]
[WhiteElo "2054"]
[BlackElo "2222"]
[PlyCount "90"]
[EventDate "2019.??.??"]
[WhiteTeam "SK Sodingen/Castrop 24/23 e.V."]
[BlackTeam "SC Gerthe 46 - Werne"]

1. c4 g6 2. g3 Bg7 3. Bg2 d6 4. Nc3 Nc6 5. Nf3 f5 6. O-O Nf6 7. d3 O-O 8. Rb1
a5 9. Bg5 e5 10. Qd2 Ne7 11. Bh6 Bxh6 12. Qxh6 f4 13. e4 Bg4 14. Ng5 Kh8 15.
gxf4 Qd7 16. Qh4 exf4 17. f3 Be6 18. Nxe6 Qxe6 19. Nd5 Nfxd5 20. cxd5 Qe5 21.
Qf2 c5 22. Bh3 g5 23. d4 Qxd4 24. Qxd4+ cxd4 25. Rfd1 Ng6 26. Rxd4 Ne5 27. Kf2
Rf7 28. Rc1 Kg7 29. Be6 Re7 30. Rdd1 Kf6 31. Rc3 h5 32. h3 Rh8 33. Rh1 Rhh7 34.
Bf5 Rhg7 35. Ke2 Rc7 36. Rhc1 Rxc3 37. Rxc3 g4 38. hxg4 hxg4 39. fxg4 Kg5 40.
Rc1 Kh4 41. Rg1 Rc7 42. Kd1 Kg5 43. b3 Rc3 44. Kd2 Rd3+ 45. Kc2 Rg3 0-1

[Event "OHS 2019"]
[Site "?"]
[Date "2019.02.25"]
[Round "5.2"]
[White "Kiese, Matthias"]
[Black "Hammerich, Simon"]
[Result "1/2-1/2"]
[WhiteElo "2220"]
[BlackElo "1994"]
[PlyCount "100"]
[EventDate "2019.??.??"]
[WhiteTeam "Bochumer SV 02"]
[BlackTeam "SF Gelsenkirchen 2002"]

1. d4 Nf6 2. Nf3 d5 3. c4 e6 4. Nc3 dxc4 5. e3 a6 6. a4 c5 7. Bxc4 Nc6 8. O-O
Be7 9. Qe2 cxd4 10. Rd1 e5 11. exd4 exd4 12. Nxd4 Nxd4 13. Qe5 Qd6 14. Qxd4
Qxd4 15. Rxd4 Bc5 16. Rd1 O-O 17. h3 Bf5 18. Nd5 Ne4 19. Be3 Bxe3 20. Nxe3 Bg6
21. f4 Ng3 22. Kf2 Rfe8 23. Ra3 Nf5 24. Nxf5 Bxf5 25. g4 Be6 26. Bxe6 Rxe6 27.
Re3 Rb6 28. b3 Rb8 29. Rc3 Re8 30. Rd7 h6 31. f5 g6 32. fxg6 fxg6 33. a5 Rb5
34. Rd6 Rf8+ 35. Kg2 Kg7 36. Rb6 Rxb6 37. axb6 Rf6 38. Rc7+ Rf7 39. h4 Kf6 40.
Kg3 g5 41. hxg5+ hxg5 42. Kf3 Rf8 43. Rxb7 Ke5+ 44. Kg3 Rf4 45. Re7+ Kf6 46.
Ra7 Rb4 47. Rxa6 Rxb3+ 48. Kf2 Ke5 49. Ra5+ Kf4 50. Ra4+ Ke5 1/2-1/2

[Event "OHS 2019"]
[Site "?"]
[Date "2019.02.25"]
[Round "5.3"]
[White "Gritzan, Ulrich"]
[Black "Schmidt, Ralph"]
[Result "0-1"]
[WhiteElo "1793"]
[BlackElo "1971"]
[PlyCount "55"]
[EventDate "2019.??.??"]
[WhiteTeam "SF Gelsenkirchen 2002"]
[BlackTeam "SV Bochum-Linden-Dahlh"]

1. c4 c5 2. Nf3 Nc6 3. Nc3 b6 4. g3 Bb7 5. Bg2 Ne5 6. b3 Bxf3 7. exf3 Nd3+ 8.
Ke2 Nxc1+ 9. Rxc1 e6 10. Re1 Nf6 11. Kf1 Be7 12. d4 d6 13. f4 Rb8 14. f5 cxd4
15. Nb5 e5 16. Nxa7 Qc7 17. Nc6 Rc8 18. f4 O-O 19. fxe5 dxe5 20. Nxe7+ Qxe7 21.
Qxd4 Qa3 22. Qxe5 Qxa2 23. Qc3 Rfe8 24. Qc2 Rxe1+ 25. Kxe1 Qa5+ 26. Kf1 Ng4 27.
Qe4 Qd2 28. Re1 0-1

[Event "OHS 2019"]
[Site "?"]
[Date "2019.02.25"]
[Round "5.4"]
[White "Boost, JÃ¼rgen"]
[Black "Arndt, Olaf"]
[Result "1/2-1/2"]
[WhiteElo "1942"]
[BlackElo "1967"]
[PlyCount "35"]
[EventDate "2019.??.??"]
[WhiteTeam "SC Gerthe 46 - Werne"]
[BlackTeam "SV Horst-Emscher 31"]

1. e4 d5 2. exd5 Nf6 3. d4 Nxd5 4. Nf3 g6 5. c4 Nb6 6. Nc3 Bg7 7. c5 Nd5 8. Bc4
c6 9. Qb3 O-O 10. O-O Nxc3 11. bxc3 b5 12. Bd3 Be6 13. Qc2 Bd5 14. Be4 Na6 15.
Bxd5 Qxd5 16. Re1 Rfe8 17. Bf4 Rac8 18. a4 1/2-1/2

[Event "OHS 2019"]
[Site "?"]
[Date "2019.02.25"]
[Round "5.6"]
[White "Peters, Georg"]
[Black "Engelmann, Chris"]
[Result "1/2-1/2"]
[WhiteElo "1854"]
[BlackElo "1788"]
[PlyCount "96"]
[EventDate "2019.??.??"]
[WhiteTeam "SK Xanten e.V."]
[BlackTeam "SV Unser Fritz Wanne-E"]

1. e4 c5 2. Nc3 Nc6 3. g3 Nf6 4. Bg2 e6 5. Nge2 Be7 6. O-O O-O 7. d4 cxd4 8.
Nxd4 a6 9. a4 Bc5 10. Nxc6 bxc6 11. e5 Nd5 12. Ne4 Qb6 13. Nxc5 Qxc5 14. Qe2 a5
15. c4 Ba6 16. b3 Qb6 17. Qd1 Nb4 18. Be3 Qc7 19. Bc5 Rfc8 20. Bd6 Qd8 21. Re1
Bb7 22. Re2 Na6 23. Rd2 Qe8 24. Qe2 Ra7 25. Qe3 c5 26. h4 Bxg2 27. Kxg2 Qd8 28.
Rh1 Qb6 29. g4 Rb7 30. Rb1 Rc6 31. h5 Nc7 32. Qg5 Ne8 33. h6 f6 34. Qf4 Nxd6
35. exd6 e5 36. Qf3 Rb8 37. Qd5+ Kf8 38. hxg7+ Kxg7 39. g5 Qd8 40. gxf6+ Qxf6
41. Rd3 Rf8 42. Rf1 Kh8 43. Re3 Qxd6 44. Qxd6 Rxd6 45. Rfe1 Rdf6 46. Rxe5 Rxf2+
47. Kg1 R2f6 48. R5e2 d6 1/2-1/2